Statistiken für Finden Sie drei fusionierte Länder in einer Minute

Klicken Sie hier um das Quiz zu spielen!

Allgemein

  • Dieses Quiz wurde 632 mal gespielt
  • Das Durchschnittsergebnis liegt bei 4 aus 6

Antworten auf der Karte

Die Antworten werden auf der Karte rot bzw. grün angezeigt, abhängig davon wie oft sie richtig erraten wurden.
 

Antwortstatistiken

Gruppe NameLand% Korrekt
LänderAfghanistan
100%
LänderAfghanistan
100%
LänderAlbanien
100%
LänderAlgerien
100%
LänderAlgerien
100%
LänderAngola
100%
LänderAngola
100%
LänderArgentinien
100%
LänderArgentinien
100%
LänderArgentinien
100%
LänderAserbaidschan
100%
LänderBelarus
100%
LänderBelarus
100%
LänderBelarus
100%
LänderBelgien
100%
LänderBolivien
100%
LänderBolivien
100%
LänderBolivien
100%
LänderBosnien und Herzegowina
100%
LänderBotswana
100%
LänderBotswana
100%
LänderBrasilien
100%
LänderBrasilien
100%
LänderBrasilien
100%
LänderBrasilien
100%
LänderBulgarien
100%
LänderBurkina Faso
100%
LänderChile
100%
LänderChina
100%
LänderChina
100%
LänderChina
100%
LänderChina
100%
LänderChina
100%
LänderChina
100%
LänderChina
100%
LänderChina
100%
LänderDemokratische Republik Kongo
100%
LänderDemokratische Republik Kongo
100%
LänderDemokratische Republik Kongo
100%
LänderDeutschland
100%
LänderDeutschland
100%
LänderDeutschland
100%
LänderElfenbeinküste
100%
LänderFinnland
100%
LänderFrankreich
100%
LänderGriechenland
100%
LänderGuinea
100%
LänderIndien
100%
LänderIrak
100%
LänderIran
100%
LänderIran
100%
LänderItalien
100%
LänderItalien
100%
LänderJemen
100%
LänderJordanien
100%
LänderKambodscha
100%
LänderKamerun
100%
LänderKamerun
100%
LänderKanada
100%
LänderKasachstan
100%
LänderKasachstan
100%
LänderKasachstan
100%
LänderKirgisistan
100%
LänderKolumbien
100%
LänderLettland
100%
LänderLibyen
100%
LänderLibyen
100%
LänderMalawi
100%
LänderMali
100%
LänderMali
100%
LänderMali
100%
LänderMarokko
100%
LänderMauretanien
100%
LänderMoldawien
100%
LänderMongolei
100%
LänderMosambik
100%
LänderMosambik
100%
LänderMosambik
100%
LänderMyanmar
100%
LänderNamibia
100%
LänderNamibia
100%
LänderNamibia
100%
LänderNiederlande
100%
LänderNiger
100%
LänderNiger
100%
LänderNorwegen
100%
LänderOman
100%
LänderOman
100%
LänderÖsterreich
100%
LänderÖsterreich
100%
LänderÖsterreich
100%
LänderParaguay
100%
LänderPeru
100%
LänderPolen
100%
LänderPolen
100%
LänderPolen
100%
LänderRepublik Kongo
100%
LänderRepublik Kongo
100%
LänderRumänien
100%
LänderRumänien
100%
LänderRumänien
100%
LänderRussland
100%
LänderRussland
100%
LänderRussland
100%
LänderRussland
100%
LänderRussland
100%
LänderRussland
100%
LänderSambia
100%
LänderSaudi-Arabien
100%
LänderSaudi-Arabien
100%
LänderSchweden
100%
LänderSerbien
100%
LänderSerbien
100%
LänderSimbabwe
100%
LänderSüdafrika
100%
LänderSüdafrika
100%
LänderSudan
100%
LänderSüdsudan
100%
LänderSyrien
100%
LänderTadschikistan
100%
LänderTadschikistan
100%
LänderThailand
100%
LänderTschad
100%
LänderTschechien
100%
LänderTschechien
100%
LänderTürkei
100%
LänderUganda
100%
LänderUkraine
100%
LänderUkraine
100%
LänderUkraine
100%
LänderUkraine
100%
LänderUsbekistan
100%
LänderUsbekistan
100%
LänderVenezuela
100%
LänderVenezuela
100%
LänderVereinigte Staaten
100%
LänderVietnam
100%
LänderZentralafrikanische Republik
100%
LänderZentralafrikanische Republik
100%
LänderZentralafrikanische Republik
100%
LänderZentralafrikanische Republik
100%
LänderChina
80%
LänderMali
80%
LänderMauretanien
80%
LänderDemokratische Republik Kongo
75%
LänderIndonesien
75%
LänderMongolei
75%
LänderPapua-Neuguinea
75%
LänderRussland
75%
LänderSüdsudan
75%
LänderTürkei
75%
LänderÄgypten
67%
LänderAlgerien
67%
LänderArgentinien
67%
LänderBolivien
67%
LänderBurkina Faso
67%
LänderChina
67%
LänderDemokratische Republik Kongo
67%
LänderGhana
67%
LänderGuinea
67%
LänderIndien
67%
LänderJemen
67%
LänderLaos
67%
LänderLibyen
67%
LänderMarokko
67%
LänderNepal
67%
LänderNiger
67%
LänderNigeria
67%
LänderParaguay
67%
LänderSambia
67%
LänderSaudi-Arabien
67%
LänderSierra Leone
67%
LänderSudan
67%
LänderSüdsudan
67%
LänderSüdsudan
67%
LänderThailand
67%
LänderUganda
67%
LänderUruguay
67%
LänderSambia
60%
LänderSimbabwe
60%
LänderÄthiopien
50%
LänderÄthiopien
50%
LänderBenin
50%
LänderBotswana
50%
LänderBrasilien
50%
LänderBulgarien
50%
LänderChina
50%
LänderChina
50%
LänderDemokratische Republik Kongo
50%
LänderDeutschland
50%
LänderEcuador
50%
LänderElfenbeinküste
50%
LänderEritrea
50%
LänderFrankreich
50%
LänderGeorgien
50%
LänderGhana
50%
LänderGuatemala
50%
LänderGuatemala
50%
LänderGuinea
50%
LänderHonduras
50%
LänderIndonesien
50%
LänderIrak
50%
LänderJordanien
50%
LänderKamerun
50%
LänderKamerun
50%
LänderKenia
50%
LänderKirgisistan
50%
LänderKirgisistan
50%
LänderKolumbien
50%
LänderKolumbien
50%
LänderLaos
50%
LänderLaos
50%
LänderLiberia
50%
LänderMalaysia
50%
LänderMauretanien
50%
LänderMexiko
50%
LänderMyanmar
50%
LänderNiederlande
50%
LänderNigeria
50%
LänderNordkorea
50%
LänderPakistan
50%
LänderPakistan
50%
LänderPolen
50%
LänderRumänien
50%
LänderRussland
50%
LänderRussland
50%
LänderSchweiz
50%
LänderSchweiz
50%
LänderSenegal
50%
LänderSenegal
50%
LänderSerbien
50%
LänderSlowakei
50%
LänderSüdafrika
50%
LänderSudan
50%
LänderSudan
50%
LänderSüdkorea
50%
LänderSyrien
50%
LänderTadschikistan
50%
LänderTadschikistan
50%
LänderTogo
50%
LänderTogo
50%
LänderTschad
50%
LänderZentralafrikanische Republik
50%
LänderBelarus
40%
LänderLitauen
40%
LänderBenin
33%
LänderDominikanische Republik
33%
LänderGuyana
33%
LänderHaiti
33%
LänderKambodscha
33%
LänderKasachstan
33%
LänderKroatien
33%
LänderMexiko
33%
LänderMoldawien
33%
LänderNepal
33%
LänderNigeria
33%
LänderNordkorea
33%
LänderRumänien
33%
LänderSuriname
33%
LänderTurkmenistan
33%
LänderUsbekistan
33%
LänderVereinigte Staaten
33%
LänderVietnam
33%
LänderUngarn
25%
LänderAfghanistan
0%
LänderAfghanistan
0%
LänderÄgypten
0%
LänderAlbanien
0%
LänderAlgerien
0%
LänderAlgerien
0%
LänderAlgerien
0%
LänderAngola
0%
LänderArgentinien
0%
LänderArmenien
0%
LänderAserbaidschan
0%
LänderÄthiopien
0%
LänderÄthiopien
0%
LänderÄthiopien
0%
LänderBangladesch
0%
LänderBelarus
0%
LänderBelgien
0%
LänderBhutan
0%
LänderBhutan
0%
LänderBolivien
0%
LänderBosnien und Herzegowina
0%
LänderBrasilien
0%
LänderBrasilien
0%
LänderBrasilien
0%
LänderBrasilien
0%
LänderBurkina Faso
0%
LänderBurkina Faso
0%
LänderChile
0%
LänderChina
0%
LänderDeutschland
0%
LänderDeutschland
0%
LänderEcuador
0%
LänderElfenbeinküste
0%
LänderElfenbeinküste
0%
LänderElfenbeinküste
0%
LänderEritrea
0%
LänderEstland
0%
LänderEstland
0%
LänderFinnland
0%
LänderFinnland
0%
LänderFrankreich
0%
LänderFrankreich
0%
LänderFrankreich
0%
LänderGabun
0%
LänderGeorgien
0%
LänderGhana
0%
LänderGriechenland
0%
LänderGuinea
0%
LänderGuinea
0%
LänderGuyana
0%
LänderGuyana
0%
LänderHonduras
0%
LänderIndien
0%
LänderIndien
0%
LänderIndien
0%
LänderIndien
0%
LänderIrak
0%
LänderIrak
0%
LänderIrak
0%
LänderIran
0%
LänderIran
0%
LänderIran
0%
LänderIran
0%
LänderIrland
0%
LänderItalien
0%
LänderJordanien
0%
LänderKambodscha
0%
LänderKenia
0%
LänderKenia
0%
LänderKenia
0%
LänderKolumbien
0%
LänderKroatien
0%
LänderLaos
0%
LänderLaos
0%
LänderLesotho
0%
LänderLettland
0%
LänderLettland
0%
LänderLettland
0%
LänderLiberia
0%
LänderLiberia
0%
LänderLibyen
0%
LänderLibyen
0%
LänderLibyen
0%
LänderLitauen
0%
LänderMalaysia
0%
LänderMali
0%
LänderMali
0%
LänderMali
0%
LänderMauretanien
0%
LänderMosambik
0%
LänderMosambik
0%
LänderMyanmar
0%
LänderMyanmar
0%
LänderNicaragua
0%
LänderNiger
0%
LänderNiger
0%
LänderNiger
0%
LänderNordmazedonien
0%
LänderNordmazedonien
0%
LänderNorwegen
0%
LänderOman
0%
LänderÖsterreich
0%
LänderÖsterreich
0%
LänderPakistan
0%
LänderPakistan
0%
LänderParaguay
0%
LänderPeru
0%
LänderPeru
0%
LänderPeru
0%
LänderPolen
0%
LänderPortugal
0%
LänderRepublik Kongo
0%
LänderRepublik Kongo
0%
LänderRussland
0%
LänderSambia
0%
LänderSaudi-Arabien
0%
LänderSaudi-Arabien
0%
LänderSchweden
0%
LänderSchweiz
0%
LänderSenegal
0%
LänderSierra Leone
0%
LänderSimbabwe
0%
LänderSlowakei
0%
LänderSlowakei
0%
LänderSlowenien
0%
LänderSomalia
0%
LänderSomalia
0%
LänderSpanien
0%
LänderSpanien
0%
LänderSüdafrika
0%
LänderSudan
0%
LänderSudan
0%
LänderSudan
0%
LänderSüdsudan
0%
LänderSuriname
0%
LänderSyrien
0%
LänderTansania
0%
LänderTansania
0%
LänderThailand
0%
LänderThailand
0%
LänderTschad
0%
LänderTschad
0%
LänderTschad
0%
LänderTschechien
0%
LänderTschechien
0%
LänderTunesien
0%
LänderTunesien
0%
LänderTürkei
0%
LänderTürkei
0%
LänderTürkei
0%
LänderTurkmenistan
0%
LänderTurkmenistan
0%
LänderUganda
0%
LänderUkraine
0%
LänderUngarn
0%
LänderUngarn
0%
LänderUngarn
0%
LänderUruguay
0%
LänderVenezuela
0%
LänderVereinigte Arabische Emirate
0%
LänderVereinigte Arabische Emirate
0%
LänderVereinigtes Königreich
0%
LänderVietnam
0%
LänderZentralafrikanische Republik
0%

Verteilung der Resultate

Perzentil nach korrekt beantworteten Fragen

Anzahl Personen mit jedem Resultat

Ihre Resultats-Entwicklung

Sie haben dieses Quiz noch nicht gespielt